A Hermeneutical Investigation of Super-Primary Meaning in the Dvaita Vedānta of Madhva (Record no. 1715159)

MARC details
000 -LEADER
fixed length control field 00372 a2200121 4500
000 - LEADER
fixed length control field nam a22 7a 4500
005 - DATE AND TIME OF LATEST TRANSACTION
control field 20260312095724.0
020 ## - INTERNATIONAL STANDARD BOOK NUMBER
International Standard Book Number 9781527573024
100 ## - MAIN ENTRY--PERSONAL NAME
Personal name Ivan D’Souza
9 (RLIN) 1131725
245 ## - TITLE STATEMENT
Title A Hermeneutical Investigation of Super-Primary Meaning in the Dvaita Vedānta of Madhva
260 ## - PUBLICATION, DISTRIBUTION, ETC.
Name of publisher, distributor, etc. Cambridge Scholars Publishing
Date of publication, distribution, etc. 2021
942 ## - ADDED ENTRY ELEMENTS (KOHA)
Koha item type Textual
Holdings
Withdrawn status Lost status Source of classification or shelving scheme Damaged status Not for loan Home library Current library Date acquired Source of acquisition Total Checkouts Date last seen Price effective from Koha item type
    Colon Classification (CC)   Ordered South Campus Library South Campus Library 2026-03-12 SEGMENT BOOK DISTRIBUTORS   2026-03-12 2026-03-12 Textual
Copyright @ Delhi University Library System